[Event "Wch-U18"]
[Site "Batumi GEO"]
[Date "2006.10.23"]
[Round "6"]
[White "Jurcik, Martin"]
[Black "Tayar, Jonathan"]
[Result "1-0"]
[WhiteElo "2285"]
[BlackElo "2214"]
[WhiteFideId "-1"]
[WhiteFideId "-1"]
[PlyCount "77"]
[GameId "2129405109121311"]
[EventDate "2006.10.19"]
[EventType "swiss"]
[EventRounds "13"]
[EventCountry "GEO"]
[SourceTitle "The Week in Chess 625"]
[Source "Mark Crowther"]
[SourceDate "2006.10.30"]
[SourceVersion "1"]
[SourceVersionDate "2006.10.30"]
[SourceQuality "2"]

1. e4 c5 2. Nc3 d6 3. Nge2 a6 4. d4 cxd4 5. Nxd4 Nf6 6. Be3 e6 7. f3 b5 8. Qd2 Nbd7 9. O-O-O Bb7 10. g4 Nb6 11. Qf2 Nfd7 12. Bd3 Rc8 13. Kb1 Rxc3 14. bxc3 Na4 15. Ne2 Qc7 16. g5 d5 17. h4 b4 18. exd5 bxc3 19. dxe6 fxe6 20. Nd4 Bd5 21. Nb3 Nb2 22. Be4 Nxd1 23. Rxd1 Bc4 24. f4 Be7 25. Qf3 Bb5 26. Bd4 Rf8 27. Qh5+ g6 28. Qxh7 Rxf4 29. Qxg6+ Kd8 30. Qxe6 Bc4 31. Qg6 Bd6 32. Be3 Rxh4 33. Rxd6 Ke7 34. Rd1 Qe5 35. Qc6 Be6 36. Bc5+ Kd8 37. Qa8+ Kc7 38. Bd6+ Qxd6 39. Qb7+ 1-0

[Event "Wch-U18"]
[Site "Batumi GEO"]
[Date "2006.10.25"]
[Round "7"]
[White "Tucakovic, Mario"]
[Black "Tayar, Jonathan"]
[Result "0-1"]
[WhiteElo "1950"]
[BlackElo "2214"]
[WhiteFideId "-1"]
[WhiteFideId "-1"]
[PlyCount "63"]
[GameId "2129405109121320"]
[EventDate "2006.10.19"]
[EventType "swiss"]
[EventRounds "13"]
[EventCountry "GEO"]
[SourceTitle "The Week in Chess 625"]
[Source "Mark Crowther"]
[SourceDate "2006.10.30"]
[SourceVersion "1"]
[SourceVersionDate "2006.10.30"]
[SourceQuality "2"]

1. e4 c5 2. Nf3 d6 3. d3 Nc6 4. g3 g6 5. Bg2 Bg7 6. O-O Nf6 7. Nbd2 O-O 8. Re1 Rb8 9. Nf1 Qc7 10. Bd2 b5 11. Qc1 Re8 12. h4 b4 13. Rb1 Be6 14. b3 a5 15. a4 bxa3 16. Qxa3 Nb4 17. Qc1 Ng4 18. Ng5 Bd7 19. f3 Ne5 20. Ne3 h6 21. Bxb4 cxb4 22. f4 hxg5 23. fxe5 Bxe5 24. hxg5 Bxg3 25. Rf1 Qc5 26. Rf3 Qxg5 27. Qd2 Be6 28. Rbf1 Qh4 29. Bh1 Rb5 30. Nd5 Bxd5 31. exd5 Rxd5 32. Rxf7 0-1

[Event "Wch-U18"]
[Site "Batumi GEO"]
[Date "2006.10.25"]
[Round "8"]
[White "Tayar, Jonathan"]
[Black "Vedrickas, Tautvydas"]
[Result "1-0"]
[WhiteElo "2214"]
[BlackElo "2280"]
[WhiteFideId "-1"]
[WhiteFideId "-1"]
[PlyCount "79"]
[GameId "2129405109121331"]
[EventDate "2006.10.19"]
[EventType "swiss"]
[EventRounds "13"]
[EventCountry "GEO"]
[SourceTitle "The Week in Chess 625"]
[Source "Mark Crowther"]
[SourceDate "2006.10.30"]
[SourceVersion "1"]
[SourceVersionDate "2006.10.30"]
[SourceQuality "2"]

1. e4 c5 2. Nf3 d6 3. d4 cxd4 4. Nxd4 Nf6 5. Nc3 a6 6. Bg5 e6 7. f4 Nbd7 8. Qe2 Qc7 9. O-O-O Be7 10. Nf3 Nc5 11. Kb1 b5 12. e5 dxe5 13. fxe5 Ng8 14. Ne4 Nxe4 15. Qxe4 Bb7 16. Qf4 Bc5 17. Qg3 h6 18. Bc1 g6 19. Be2 Ne7 20. Rhe1 Bd5 21. Bd3 O-O-O 22. Nd2 Nf5 23. Qh3 Bb4 24. g4 Ne7 25. c3 Ba5 26. Nb3 Bb6 27. Be3 h5 28. g5 Rd7 29. Bxb6 Qxb6 30. Qe3 Qxe3 31. Rxe3 Bxb3 32. axb3 Rhd8 33. Kc2 Nc6 34. Rf1 Kc7 35. Rf4 Kb6 36. Rfe4 Rd5 37. b4 a5 38. bxa5+ Kxa5 39. b4+ Ka4 40. Re1 1-0

[Event "CAN-ch FM playoff"]
[Site "Toronto CAN"]
[Date "2006.08.28"]
[Round "1"]
[White "Tayar, Jonathan"]
[Black "Thavandiran, Shiyam"]
[Result "1/2-1/2"]
[WhiteElo "2214"]
[BlackElo "2264"]
[WhiteFideId "-1"]
[WhiteFideId "-1"]
[PlyCount "39"]
[GameId "2160767910781834"]
[EventDate "2006.08.28"]
[EventType "tourn (rapid)"]
[EventRounds "3"]
[EventCountry "CAN"]
[SourceTitle "The Week in Chess 617"]
[Source "Mark Crowther"]
[SourceDate "2006.09.04"]
[SourceVersion "1"]
[SourceVersionDate "2006.09.04"]
[SourceQuality "2"]

1. e4 e6 2. d4 d5 3. exd5 exd5 4. Nc3 c6 5. Bd3 Bd6 6. Nge2 Ne7 7. Bf4 Bf5 8. Bxd6 Qxd6 9. Bxf5 Nxf5 10. Qd3 Ne7 11. O-O O-O 12. Rfe1 Nd7 13. Qg3 Qxg3 14. Nxg3 Rae8 15. Kf1 Nc8 16. b3 Nd6 17. Rxe8 Rxe8 18. Re1 Kf8 19. Rxe8+ Kxe8 20. Ke2 1/2-1/2

[Event "CAN-ch FM playoff"]
[Site "Toronto CAN"]
[Date "2006.08.28"]
[Round "2"]
[White "Haessel, Dale"]
[Black "Tayar, Jonathan"]
[Result "0-1"]
[WhiteElo "2195"]
[BlackElo "2214"]
[WhiteFideId "-1"]
[WhiteFideId "-1"]
[PlyCount "86"]
[GameId "2160767910781835"]
[EventDate "2006.08.28"]
[EventType "tourn (rapid)"]
[EventRounds "3"]
[EventCountry "CAN"]
[SourceTitle "CBM 113 Extra"]
[Source "ChessBase"]
[SourceDate "2006.09.14"]
[SourceVersion "1"]
[SourceVersionDate "2006.09.14"]
[SourceQuality "1"]

1. c4 g6 2. g3 Bg7 3. Bg2 d6 4. Nc3 Nf6 5. e4 c5 6. a3 Nc6 7. Nge2 O-O 8. O-O Ne8 9. d3 Nc7 10. Rb1 a5 11. h3 h6 12. f4 Ne6 13. Kh2 Ned4 14. Nxd4 Nxd4 15. Be3 Bd7 16. Qd2 Kh7 17. b4 axb4 18. axb4 Ra3 19. Rfc1 Nb3 20. Rxb3 Rxb3 21. bxc5 Qa5 22. e5 dxc5 23. Qc2 Ra3 24. Bxb7 f6 25. Bd2 Qa7 26. exf6 exf6 27. Bg2 Re8 28. Rb1 Rb8 29. Re1 Qc7 30. Re7 Qd6 31. Nd5 Bc6 32. Re1 f5 33. Bc1 Rab3 34. Qe2 Re8 35. Be3 Bd4 36. Qa2 Rb2 37. Qa7+ Rb7 38. Qa6 Re6 39. Bxd4 cxd4 40. Rxe6 Qxe6 41. Nf6+ Qxf6 42. Bxc6 Rc7 43. Bg2 Qxa6 0-1

[Event "CAN-ch"]
[Site "Toronto CAN"]
[Date "2006.08.20"]
[Round "3"]
[White "Tayar, Jonathan"]
[Black "Stevens, Christian"]
[Result "0-1"]
[WhiteElo "2214"]
[BlackElo "2314"]
[WhiteFideId "-1"]
[WhiteFideId "-1"]
[PlyCount "94"]
[GameId "2160767910781929"]
[EventDate "2006.08.18"]
[EventType "swiss"]
[EventRounds "9"]
[EventCountry "CAN"]
[SourceTitle "The Week in Chess 615"]
[Source "Mark Crowther"]
[SourceDate "2006.08.21"]
[SourceVersion "1"]
[SourceVersionDate "2006.08.21"]
[SourceQuality "2"]

1. e4 c6 2. d4 d5 3. exd5 cxd5 4. c4 Nf6 5. Nc3 e6 6. Nf3 Bb4 7. Bd3 dxc4 8. Bxc4 O-O 9. O-O b6 10. Bg5 Bb7 11. Qd3 Nbd7 12. a3 Bxc3 13. bxc3 Qc7 14. Ba2 Ne4 15. Rac1 Nxg5 16. Nxg5 Nf6 17. Rfe1 Qf4 18. Qe3 Qxe3 19. fxe3 h6 20. Nh3 Rac8 21. c4 Rc7 22. Rc2 Rfc8 23. Rec1 Be4 24. Rd2 Bd5 25. Rdc2 Ng4 26. Rc3 b5 27. Nf2 Nxf2 28. Kxf2 bxc4 29. Bb1 f5 30. Ba2 Kf7 31. Rb1 Rc6 32. g3 Rb6 33. Rxb6 axb6 34. Ke2 b5 35. Bb1 Kf6 36. Bc2 g5 37. Kf2 e5 38. dxe5+ Kxe5 39. Bd1 Be4 40. Be2 Kd5 41. Bf1 Kc5 42. Ke1 Bd5 43. Be2 b4 44. axb4+ Kxb4 45. Rc1 Be4 46. Ra1 c3 47. Kd1 Rd8+ 0-1

[Event "CAN-ch"]
[Site "Toronto CAN"]
[Date "2006.08.21"]
[Round "4"]
[White "Tayar, Jonathan"]
[Black "Livshits, Ron"]
[Result "1-0"]
[WhiteElo "2214"]
[BlackElo "2355"]
[WhiteFideId "-1"]
[WhiteFideId "-1"]
[PlyCount "45"]
[GameId "2160767910781964"]
[EventDate "2006.08.18"]
[EventType "swiss"]
[EventRounds "9"]
[EventCountry "CAN"]
[SourceTitle "The Week in Chess 616"]
[Source "Mark Crowther"]
[SourceDate "2006.08.28"]
[SourceVersion "1"]
[SourceVersionDate "2006.08.28"]
[SourceQuality "2"]

1. e4 c5 2. Nf3 d6 3. d4 cxd4 4. Nxd4 Nf6 5. Nc3 a6 6. Bg5 e6 7. f4 Qb6 8. Qd2 Qxb2 9. Rb1 Qa3 10. f5 Nc6 11. fxe6 fxe6 12. Nxc6 bxc6 13. e5 dxe5 14. Bxf6 gxf6 15. Ne4 Be7 16. Be2 h5 17. Rf1 f5 18. Rf3 Qa4 19. Nd6+ Bxd6 20. Qxd6 Qa5+ 21. Kf1 Ra7 22. Rb8 Qc7 23. Qxe6+ 1-0

[Event "CAN-ch"]
[Site "Toronto CAN"]
[Date "2006.08.22"]
[Round "5"]
[White "Huber, Gregory"]
[Black "Tayar, Jonathan"]
[Result "0-1"]
[WhiteElo "2245"]
[BlackElo "2214"]
[WhiteFideId "-1"]
[WhiteFideId "-1"]
[PlyCount "76"]
[GameId "2160767910790169"]
[EventDate "2006.08.18"]
[EventType "swiss"]
[EventRounds "9"]
[EventCountry "CAN"]
[SourceTitle "CBM 113 Extra"]
[Source "ChessBase"]
[SourceDate "2006.09.14"]
[SourceVersion "1"]
[SourceVersionDate "2006.09.14"]
[SourceQuality "1"]

1. e4 c5 2. Nc3 d6 3. Nge2 a6 4. g3 b5 5. Bg2 Bb7 6. O-O b4 7. Na4 Nf6 8. d4 Bxe4 9. Bxe4 Nxe4 10. Qd3 d5 11. Nxc5 Nxc5 12. dxc5 e6 13. c3 Bxc5 14. cxb4 Bxb4 15. Qd4 Bf8 16. Be3 Nd7 17. Rac1 Nf6 18. Rc6 Be7 19. Rfc1 O-O 20. a4 Nd7 21. f4 Nf6 22. Qd3 Qa5 23. b3 Ne4 24. Bb6 Qd2 25. Qxd2 Nxd2 26. R1c3 Bb4 27. Rc2 a5 28. Nd4 Ne4 29. Kf1 h6 30. Ke2 Ra6 31. Nb5 Bc5 32. R2xc5 Nxc5 33. Nc7 Rc8 34. Nxa6 Rxc6 35. Nxc5 Rxb6 36. Kd3 g5 37. Kc3 Kg7 38. b4 Rxb4 0-1

[Event "CAN-ch"]
[Site "Toronto CAN"]
[Date "2006.08.23"]
[Round "6"]
[White "Tayar, Jonathan"]
[Black "Southam, David"]
[Result "1-0"]
[WhiteElo "2214"]
[BlackElo "2099"]
[WhiteFideId "-1"]
[WhiteFideId "-1"]
[PlyCount "73"]
[GameId "2160767910790221"]
[EventDate "2006.08.18"]
[EventType "swiss"]
[EventRounds "9"]
[EventCountry "CAN"]
[SourceTitle "The Week in Chess 616"]
[Source "Mark Crowther"]
[SourceDate "2006.08.28"]
[SourceVersion "1"]
[SourceVersionDate "2006.08.28"]
[SourceQuality "2"]

1. e4 e6 2. d4 d5 3. Nc3 Bb4 4. e5 Ne7 5. a3 Bxc3+ 6. bxc3 c5 7. Qg4 Qc7 8. Bd3 h5 9. Qxg7 Rg8 10. Qh6 cxd4 11. Ne2 dxc3 12. Qxh5 Nbc6 13. Bf4 d4 14. Bg3 Bd7 15. Qh4 Qb6 16. O-O a6 17. Rab1 Qa7 18. Be4 O-O-O 19. Rb3 Nf5 20. Qf4 Nxg3 21. Nxg3 Rgf8 22. Rfb1 b5 23. a4 Na5 24. Rb4 Nc6 25. Bxc6 Bxc6 26. axb5 Bxb5 27. Ne4 Rfe8 28. Nd6+ Rxd6 29. exd6 e5 30. Qf5+ Qd7 31. Qf3 Qxd6 32. Qxf7 Rf8 33. Qa7 Qf6 34. f3 Qf4 35. Rc4+ Kd8 36. Rc7 Qe3+ 37. Kh1 1-0

[Event "CAN-op"]
[Site "Kitchener CAN"]
[Date "2006.07.15"]
[Round "1"]
[White "Thavandiran, Shiyam"]
[Black "Tayar, Jonathan"]
[Result "1-0"]
[WhiteElo "2264"]
[BlackElo "2214"]
[WhiteFideId "-1"]
[WhiteFideId "-1"]
[PlyCount "77"]
[GameId "2160767910798754"]
[EventDate "2006.07.15"]
[EventType "swiss"]
[EventRounds "9"]
[EventCountry "CAN"]
[SourceTitle "CBM 113 Extra"]
[Source "ChessBase"]
[SourceDate "2006.09.14"]
[SourceVersion "1"]
[SourceVersionDate "2006.09.14"]
[SourceQuality "1"]

1. e4 c5 2. Nc3 d6 3. Nf3 a6 4. d4 cxd4 5. Nxd4 Nf6 6. g3 e5 7. Nb3 Be7 8. Bg2 Nbd7 9. Bg5 Qc7 10. Nd2 b5 11. a3 Bb7 12. Nf1 Nb6 13. Ne3 Nc4 14. Nxc4 bxc4 15. O-O h6 16. Be3 O-O 17. h4 Bc8 18. a4 Qb7 19. Rb1 Be6 20. Bf3 Rad8 21. Qe2 d5 22. exd5 Nxd5 23. Bd2 Qc7 24. Rfe1 f6 25. Rbd1 Bc5 26. Bxd5 Bxd5 27. Bxh6 Bb7 28. Qxc4+ Kh8 29. Be3 Qc6 30. Nd5 Bxe3 31. Qxc6 Bxc6 32. Nxe3 Bxa4 33. Ra1 Bb5 34. c4 Bc6 35. Rxa6 Bf3 36. b4 Rd2 37. c5 Rb2 38. Rb6 Rc8 39. Rc1 1-0

[Event "CAN-op"]
[Site "Kitchener CAN"]
[Date "2006.07.17"]
[Round "3"]
[White "Raats, Daniel"]
[Black "Tayar, Jonathan"]
[Result "0-1"]
[WhiteElo "1993"]
[BlackElo "2214"]
[WhiteFideId "-1"]
[WhiteFideId "-1"]
[PlyCount "32"]
[GameId "2160767910798808"]
[EventDate "2006.07.15"]
[EventType "swiss"]
[EventRounds "9"]
[EventCountry "CAN"]

1. e4 c5 2. Nf3 d6 3. Bb5+ Nd7 4. d4 Qa5+ 5. Nc3 Ngf6 6. O-O a6 7. Bxd7+ Bxd7 8. e5 cxd4 9. exf6 dxc3 10. fxe7 Bxe7 11. Re1 Be6 12. Nd4 O-O 13. Nxe6 fxe6 14. Rxe6 Bf6 15. b3 Qf5 16. Rxd6 Be5 0-1

[Event "CAN-op"]
[Site "Kitchener CAN"]
[Date "2006.07.18"]
[Round "4"]
[White "Tayar, Jonathan"]
[Black "Lawson, Eric"]
[Result "1/2-1/2"]
[WhiteElo "2214"]
[BlackElo "2393"]
[WhiteFideId "-1"]
[WhiteFideId "-1"]
[PlyCount "123"]
[GameId "2160767910802940"]
[EventDate "2006.07.15"]
[EventType "swiss"]
[EventRounds "9"]
[EventCountry "CAN"]
[SourceTitle "CBM 113 Extra"]
[Source "ChessBase"]
[SourceDate "2006.09.14"]
[SourceVersion "1"]
[SourceVersionDate "2006.09.14"]
[SourceQuality "1"]

1. e4 c5 2. Nf3 Nc6 3. d4 cxd4 4. Nxd4 Nf6 5. Nc3 e5 6. Ndb5 d6 7. Bg5 a6 8. Na3 b5 9. Bxf6 gxf6 10. Nd5 Bg7 11. c3 f5 12. exf5 Bxf5 13. Nc2 Be6 14. Nce3 Ne7 15. g3 Nxd5 16. Nxd5 O-O 17. Bg2 a5 18. a4 Rb8 19. b4 axb4 20. cxb4 bxa4 21. Rxa4 f5 22. O-O Kh8 23. Qd2 Qd7 24. Rfa1 e4 25. R1a3 Bxd5 26. Qxd5 Rb5 27. Qd2 d5 28. Ra5 d4 29. g4 Rxa5 30. bxa5 f4 31. Bxe4 Qxg4+ 32. Bg2 f3 33. Rxf3 Rxf3 34. Qe2 Rf4 35. Qxg4 Rxg4 36. a6 d3 37. a7 Ra4 38. a8=Q+ Rxa8 39. Bxa8 Be5 40. h3 Kg7 41. Kf1 h6 42. Be4 d2 43. Ke2 Bc3 44. Bf5 Kf6 45. Bc8 Ke5 46. Bg4 Ba5 47. Ke3 Kd5 48. Kd3 Kc5 49. Ke4 Kc4 50. f4 Kc3 51. f5 Kc2 52. f6 d1=Q 53. Bxd1+ Kxd1 54. Kf5 Bb4 55. Kg6 Bf8 56. Kf7 Bc5 57. h4 Ke2 58. h5 Kf3 59. Kg7 Kg4 60. Kxh6 Kf5 61. Kg7 Bd4 62. h6 1/2-1/2

[Event "CAN-op"]
[Site "Kitchener CAN"]
[Date "2006.07.19"]
[Round "5"]
[White "Angers, Gilles"]
[Black "Tayar, Jonathan"]
[Result "0-1"]
[WhiteElo "1997"]
[BlackElo "2214"]
[WhiteFideId "-1"]
[WhiteFideId "-1"]
[PlyCount "104"]
[GameId "2160767910802944"]
[EventDate "2006.07.15"]
[EventType "swiss"]
[EventRounds "9"]
[EventCountry "CAN"]
[SourceTitle "CBM 113 Extra"]
[Source "ChessBase"]
[SourceDate "2006.09.14"]
[SourceVersion "1"]
[SourceVersionDate "2006.09.14"]
[SourceQuality "1"]

1. e4 c5 2. Nc3 Nc6 3. g3 g6 4. Bg2 Rb8 5. d3 b5 6. f4 b4 7. Nce2 Bg7 8. Nf3 d6 9. O-O a5 10. Rb1 a4 11. Be3 Ba6 12. e5 Qb6 13. exd6 exd6 14. f5 Nf6 15. fxg6 hxg6 16. Nf4 O-O 17. Ng5 Ne5 18. Nd5 Nxd5 19. Bxd5 Bb7 20. Bxb7 Qxb7 21. h3 Rbe8 22. Bf4 f5 23. Qd2 Bh6 24. Qg2 Qxg2+ 25. Kxg2 Bxg5 26. Bxg5 Re6 27. Bf4 Nc6 28. Rbe1 Rfe8 29. Kf2 Kf7 30. Rxe6 Rxe6 31. c3 d5 32. a3 b3 33. Re1 g5 34. Bxg5 Ne5 35. Rxe5 Rxe5 36. Bf4 Re8 37. Bd2 Kg6 38. Bf4 Rh8 39. Kg2 Re8 40. Kf2 Kf6 41. Bd2 f4 42. Bxf4 Kf5 43. Bd2 c4 44. d4 Rh8 45. h4 Ke4 46. Ke2 Rf8 47. Bf4 Rf5 48. Kd2 Kf3 49. Ke1 Rf7 50. Kf1 Re7 51. Be5 Rxe5 52. dxe5 d4 0-1

[Event "CAN-op"]
[Site "Kitchener CAN"]
[Date "2006.07.21"]
[Round "7"]
[White "Gokhale, Chandrashekhar"]
[Black "Tayar, Jonathan"]
[Result "1/2-1/2"]
[WhiteElo "2371"]
[BlackElo "2214"]
[WhiteFideId "-1"]
[WhiteFideId "-1"]
[PlyCount "41"]
[GameId "2160767910803013"]
[EventDate "2006.07.15"]
[EventType "swiss"]
[EventRounds "9"]
[EventCountry "CAN"]
[SourceTitle "CBM 113 Extra"]
[Source "ChessBase"]
[SourceDate "2006.09.14"]
[SourceVersion "1"]
[SourceVersionDate "2006.09.14"]
[SourceQuality "1"]

1. d4 Nf6 2. c4 g6 3. Nc3 Bg7 4. g3 O-O 5. Bg2 d6 6. Nf3 Nc6 7. O-O Bf5 8. d5 Na5 9. Nd4 Bd7 10. Qd3 Ng4 11. b3 c5 12. Nc2 b5 13. cxb5 c4 14. bxc4 Ne5 15. Qd1 Rc8 16. c5 Rxc5 17. Ne4 Rxb5 18. Be3 Qb8 19. Rb1 Rc8 20. Na3 Rxb1 21. Qxb1 1/2-1/2

[Event "CAN-op"]
[Site "Kitchener CAN"]
[Date "2006.07.22"]
[Round "8"]
[White "Tayar, Jonathan"]
[Black "Shetty, Rahul"]
[Result "1/2-1/2"]
[WhiteElo "2214"]
[BlackElo "2269"]
[WhiteFideId "-1"]
[WhiteFideId "-1"]
[PlyCount "87"]
[GameId "2160767910803062"]
[EventDate "2006.07.15"]
[EventType "swiss"]
[EventRounds "9"]
[EventCountry "CAN"]
[SourceTitle "CBM 113 Extra"]
[Source "ChessBase"]
[SourceDate "2006.09.14"]
[SourceVersion "1"]
[SourceVersionDate "2006.09.14"]
[SourceQuality "1"]

1. e4 c5 2. Nf3 d6 3. d4 cxd4 4. Nxd4 Nf6 5. Nc3 Nc6 6. Bc4 Qb6 7. Nb3 e6 8. Bf4 Ne5 9. Be2 a6 10. g4 h6 11. h4 Bd7 12. Rg1 Bc6 13. Be3 Qc7 14. Qd4 d5 15. O-O-O Nxe4 16. Nxe4 dxe4 17. Kb1 Rd8 18. Qc3 Bd6 19. Rxd6 Qxd6 20. Bf4 f6 21. g5 hxg5 22. hxg5 Rd7 23. gxf6 gxf6 24. Be3 Rdh7 25. Nc1 Bd5 26. Qd4 Rd7 27. b3 b5 28. Bf4 Rc7 29. Bd1 Rch7 30. c4 bxc4 31. bxc4 Qb4+ 32. Bb3 Nxc4 33. Qxf6 Rf8 34. Qg6+ Rhf7 35. Bh6 Nd2+ 36. Kc2 Nxb3 37. Nxb3 e3 38. Rg4 Qxg4 39. Qxg4 Rc7+ 40. Kd3 exf2 41. Nd2 f1=Q+ 42. Nxf1 Rxf1 43. Qg8+ Kd7 44. Be3 1/2-1/2

[Event "CAN-op"]
[Site "Kitchener CAN"]
[Date "2006.07.23"]
[Round "9"]
[White "Davies, Lucas"]
[Black "Tayar, Jonathan"]
[Result "0-1"]
[WhiteElo "2178"]
[BlackElo "2214"]
[WhiteFideId "-1"]
[WhiteFideId "-1"]
[PlyCount "92"]
[GameId "2160767910803079"]
[EventDate "2006.07.15"]
[EventType "swiss"]
[EventRounds "9"]
[EventCountry "CAN"]
[SourceTitle "CBM 113 Extra"]
[Source "ChessBase"]
[SourceDate "2006.09.14"]
[SourceVersion "1"]
[SourceVersionDate "2006.09.14"]
[SourceQuality "1"]

1. e4 c5 2. Nf3 d6 3. d4 cxd4 4. Nxd4 Nf6 5. Nc3 a6 6. Bg5 e6 7. Qd3 Nc6 8. O-O-O Qa5 9. Bxf6 gxf6 10. Kb1 Bd7 11. f4 O-O-O 12. Be2 Be7 13. Bf3 Kb8 14. Rhe1 Rc8 15. Qe3 Qc7 16. Rd3 Na5 17. f5 Nc4 18. Qc1 h5 19. Be2 Bf8 20. Ka1 Bh6 21. Qb1 h4 22. Bg4 Ne5 23. fxe6 fxe6 24. Bxe6 Bxe6 25. Nxe6 Qe7 26. Nd4 Nxd3 27. cxd3 Qe5 28. Nf3 Qh5 29. Nd5 h3 30. Nxf6 Qf7 31. e5 hxg2 32. d4 Bg7 33. Ng5 Qe7 34. Nge4 dxe5 35. dxe5 Rxh2 36. Rg1 Bh6 37. Nc3 Be3 38. Re1 g1=Q 39. Rxg1 Bxg1 40. Qxg1 Rch8 41. Qg3 Rh1+ 42. Nb1 Qc7 43. a3 Rxb1+ 44. Kxb1 Rh1+ 45. Ka2 Qc4+ 46. Qb3 Ra1+ 0-1

[Event "CYCC U18"]
[Site "Kitchener CAN"]
[Date "2006.07.11"]
[Round "3"]
[White "Tayar, Jonathan"]
[Black "Wang, David"]
[Result "0-1"]
[WhiteElo "2165"]
[BlackElo "2169"]
[WhiteFideId "-1"]
[WhiteFideId "-1"]
[PlyCount "64"]
[GameId "2160767910811566"]
[EventDate "2006.07.10"]
[EventType "swiss"]
[EventRounds "7"]
[EventCountry "CAN"]
[SourceTitle "CBM 113 Extra"]
[Source "ChessBase"]
[SourceDate "2006.09.14"]
[SourceVersion "1"]
[SourceVersionDate "2006.09.14"]
[SourceQuality "1"]

1. e4 c5 2. Nf3 Nc6 3. Nc3 Nf6 4. d4 cxd4 5. Nxd4 d6 6. Bc4 e6 7. Be3 Be7 8. Qe2 a6 9. O-O-O Qc7 10. Bb3 Na5 11. g4 b5 12. g5 Nxb3+ 13. axb3 Nd7 14. Nf5 b4 15. Bd4 bxc3 16. Nxg7+ Kd8 17. Nxe6+ fxe6 18. Bxh8 e5 19. Qh5 Qa5 20. Kb1 cxb2 21. Kxb2 Nb6 22. Qf7 Qc5 23. Bf6 Bxf6 24. gxf6 Bd7 25. Rd3 Rb8 26. Ra1 d5 27. exd5 Nc4+ 28. Kc1 Qxf2 29. Qe7+ Kc8 30. f7 Qe1+ 31. Rd1 Qe3+ 32. Kb1 Rxb3+ 0-1

[Event "Guelph op"]
[Site "Guelph CAN"]
[Date "2005.07.28"]
[Round "1"]
[White "Tayar, Jonathan"]
[Black "Stevens, Christian"]
[Result "0-1"]
[WhiteElo "2160"]
[BlackElo "2319"]
[WhiteFideId "-1"]
[WhiteFideId "-1"]
[PlyCount "58"]
[GameId "2160767910900870"]
[EventDate "2005.07.28"]
[EventType "swiss"]
[EventRounds "9"]
[EventCountry "CAN"]
[SourceTitle "CBM 107 Extra"]
[Source "ChessBase"]
[SourceDate "2005.09.01"]
[SourceVersion "1"]
[SourceVersionDate "2005.09.01"]
[SourceQuality "1"]

1. e4 d6 2. d4 Nf6 3. Nc3 g6 4. f4 Bg7 5. Nf3 O-O 6. Bd3 Na6 7. e5 Nd7 8. h4 c5 9. h5 cxd4 10. hxg6 hxg6 11. e6 dxc3 12. exf7+ Rxf7 13. Bxg6 Nf8 14. Bxf7+ Kxf7 15. Ng5+ Ke8 16. Qh5+ Kd7 17. Nf7 Qb6 18. Qg4+ Ne6 19. f5 cxb2 20. fxe6+ Kc7 21. Qxg7 bxa1=Q 22. Qxa1 Bxe6 23. Ng5 Bd5 24. Qg7 Re8 25. Qg6 Qb4+ 26. Kf1 Rf8+ 27. Nf3 Bxf3 28. gxf3 Rxf3+ 29. Kg2 Rf6 0-1

[Event "Guelph op"]
[Site "Guelph CAN"]
[Date "2005.07.28"]
[Round "2"]
[White "Haessel, Dale"]
[Black "Tayar, Jonathan"]
[Result "0-1"]
[WhiteElo "2226"]
[BlackElo "2160"]
[WhiteFideId "-1"]
[WhiteFideId "-1"]
[PlyCount "108"]
[GameId "2160767910900877"]
[EventDate "2005.07.28"]
[EventType "swiss"]
[EventRounds "9"]
[EventCountry "CAN"]
[SourceTitle "CBM 107 Extra"]
[Source "ChessBase"]
[SourceDate "2005.09.01"]
[SourceVersion "1"]
[SourceVersionDate "2005.09.01"]
[SourceQuality "1"]

1. c4 Nf6 2. g3 g6 3. Bg2 Bg7 4. Nc3 O-O 5. d3 d6 6. e3 e5 7. Nge2 Re8 8. O-O Nbd7 9. Rb1 a5 10. a3 Ng4 11. h3 Nh6 12. e4 f5 13. b4 axb4 14. axb4 Nf6 15. Be3 Nf7 16. Nd5 Nxd5 17. cxd5 f4 18. gxf4 Qh4 19. Kh2 Nh6 20. f3 exf4 21. Bxf4 Ra2 22. Qe1 Qh5 23. Rf2 Qh4 24. Bg3 Qg5 25. Qc1 Qe7 26. Qc4 Rd2 27. Rc1 Nf7 28. Qxc7 Bd7 29. Qxb7 g5 30. Rc7 Rd8 31. Qa7 Rxd3 32. Qa2 h5 33. Qc2 Ra3 34. Rf1 h4 35. Bf2 Rda8 36. Rc1 Ne5 37. Rc3 Rxc3 38. Nxc3 Rc8 39. Qd2 Nc4 40. Qe1 Be5+ 41. Kg1 Bf4 42. Rc2 Ne5 43. Qe2 Ng6 44. Nd1 Rf8 45. Ne3 Be5 46. Rc7 Qd8 47. Qc2 Nf4 48. Ng4 Bxg4 49. hxg4 Nxg2 50. Kxg2 Qf6 51. Qe2 Qf4 52. Qe3 h3+ 53. Kf1 h2 54. Kg2 h1=Q+ 0-1

[Event "Guelph op"]
[Site "Guelph CAN"]
[Date "2005.07.29"]
[Round "3"]
[White "Tayar, Jonathan"]
[Black "Burnett, Ronald"]
[Result "0-1"]
[WhiteElo "2160"]
[BlackElo "2433"]
[WhiteFideId "-1"]
[WhiteFideId "-1"]
[PlyCount "80"]
[GameId "2160767910900904"]
[EventDate "2005.07.28"]
[EventType "swiss"]
[EventRounds "9"]
[EventCountry "CAN"]
[SourceTitle "CBM 107 Extra"]
[Source "ChessBase"]
[SourceDate "2005.09.01"]
[SourceVersion "1"]
[SourceVersionDate "2005.09.01"]
[SourceQuality "1"]

1. e4 g6 2. d4 d6 3. Nc3 Bg7 4. f4 a6 5. Nf3 Nd7 6. Bc4 e6 7. a4 Ne7 8. O-O d5 9. Bd3 dxe4 10. Nxe4 O-O 11. c3 b6 12. Ne5 Bb7 13. a5 f5 14. Ng5 Nxe5 15. fxe5 Qd5 16. Qe2 b5 17. b4 h6 18. Nh3 g5 19. Rf2 Bc6 20. Bb1 f4 21. Qd3 Nf5 22. Ba2 Qd7 23. Bxf4 g4 24. Bd2 gxh3 25. Rxf5 hxg2 26. Qh3 Rxf5 27. Qxf5 Re8 28. Qg6 Qf7 29. Qxf7+ Kxf7 30. Re1 Ke7 31. Be3 Rf8 32. Bf2 Rf4 33. Bb1 h5 34. Be3 Rf3 35. Bc2 Kf7 36. Bd1 Rh3 37. Bd2 Rd3 38. Bxh5+ Kg8 39. Re2 Bh6 40. Be1 Be3+ 0-1